000
002260000a22000970004500
100
1
_a
Thomas, Juliet
245
1
0
_a
Blessings of prayer
300
_a
Núm 68 (1994), Páginas 12-13
773
0
_t
World Evangelization
942
_c
ANA
999
_c
57580
_d
57580